000 00289nam a22001337a 4500
008 170928b xxu||||| |||| 00| 0 eng d
020 _a9780312083809
041 _aeng
080 _a37
100 _a47
101 _aEDU
245 _aA POCKET STYLE MANUAL
_cHACKER, D
942 _2udc
_cBK
999 _c30326
_d30326